Culture Générale - Clic Quiz - La réponse est en emoji par IA #40 - Statistiques

Statistiques générales
  • Ce quiz a été pris 189 fois
  • Le résultat moyen est 19 sur 40
Statistiques - réponses
Hint Réponse % Correct
Mickey Mouse
90%
Bambi
88%
Donald Duck
82%
Daffy Duck
78%
Link (The Legend of Zelda)
76%
Louis XIV
73%
Lloyd Garmadon (Ninjago)
68%
Rôdeur (The Walking Dead)
68%
Jabba le Hutt (Star Wars)
66%
Louis IX (Saint Louis)
66%
Mr Fantastique
65%
Jawa (Star Wars)
61%
Cyrano de Bergerac
61%
Borat
60%
Tyler Durden (Fight Club)
58%
Louis XVIII
57%
Soeharto (Indonésie)
56%
Perceval
55%
Rowan Atkinson
54%
Javier Bardem
53%
Fabio Quartararo
50%
Wilson (Seul au monde)
49%
Edgar Davids
48%
Solid Snake (Metal Gear)
44%
Nico Rosberg
44%
L'Inspecteur Harry
41%
Quint (Les Dents de la Mer)
41%
Ilham Aliyev (Azerbaïdjan)
35%
John Quincy Adams (Etats-Unis)
31%
Emomali Rahmon (Tadjikistan)
29%
Gilbert (Partout dans le monde)
27%
Timothy Dalton
25%
Peter Steele (Type O Negative)
24%
Petro Poroshenko (Ukraine)
23%
Emile Durkheim
21%
Michael Bloomberg
20%
Sidney Crosby
17%
Nigel Mansell
14%
Alan Partridge
14%
Santiago Ramón y Cajal
10%
Aucun quiz correspondant
Distribution des résultats
% des personnes avec chaque résultat
Percentile par nombre de réponses
Votre historique - résultats
Vous n’avez pas pris ce quiz